书目信息 |
| 题名: |
二十年目睹之怪现状 上
|
|
| 作者: | 吴趼人 著 | |
| 分册: | ||
| 出版信息: | 北京 人民文学出版社 1959.07 |
|
| 页数: | 499页 | |
| 开本: | 32开 | |
| 丛书名: | ||
| 单 册: | ||
| 中图分类: | I242.2 | |
| 科图分类: | ||
| 主题词: | 小说--中国 | |
| 电子资源: | ||
| ISBN: | 7-02-002207-3 | |
| 000 | 00570nam0 2200193 45 | |
| 001 | 0010211581 | |
| 005 | 20001021154857.5 | |
| 010 | @a7-02-002207-3@d21.00元 | |
| 100 | @a20001021d1959 km y0chiy0120 ea | |
| 101 | 0 | @achi |
| 105 | @a z 000yy | |
| 200 | 1 | @a二十年目睹之怪现状 上@AEr Shi Nian Mu Du Zhi Guai Xian Zhuang Shang@f吴趼人著@FWu Jian Ren Zhu |
| 210 | @a北京@c人民文学出版社@d1959.07 | |
| 215 | @a499页@d32开 | |
| 606 | 0 | @a小说@x中国 |
| 690 | @aI242.2@v3 | |
| 701 | 0 | @a吴趼人@4著 |
| 801 | @aCN@bPftUser@c20001021 | |
| 905 | @b180465-467@dI242.2@eW721:1@f3 | |
| 二十年目睹之怪现状 上/吴趼人著.-北京:人民文学出版社,1959.07 |
| 499页;32开 |
| ISBN 7-02-002207-3:21.00元 |
| ● |
| 相关链接 |
|
|
|
正题名:二十年目睹之怪现状上
索取号:I242.2/W721:1
 
预约/预借
| 序号 | 登录号 | 条形码 | 馆藏地/架位号 | 状态 | 备注 |
| 1 | 180465 | 201804654 | 文学库108/ [索取号:I242.2/W721:1] | 在馆 | |
| 2 | 180466 | 201804663 | 社科二线400B/400B社科库 14排1列3层/ [索取号:I242.2/W721:1] | 在馆 | |
| 3 | 180467 | 201804672 | 社科二线422/422社科库 18排1列4层/ [索取号:I242.2/W721:1] | 在馆 |